[Event "USA tt"]
[Site "ICC INT"]
[Date "2013.10.23"]
[Round "9"]
[White "Guenther, Travis R"]
[Black "Fredericks, Jason"]
[Result "0-1"]
[WhiteElo "1829"]
[BlackElo "1997"]
[PlyCount "108"]
[EventDate "2013.08.27"]
[EventType "team-tourn"]
[EventRounds "10"]
[EventCountry "USA"]
[SourceTitle "EXT 2014"]
[Source "ChessBase"]
[SourceDate "2013.11.20"]
[SourceVersion "1"]
[SourceVersionDate "2013.11.20"]
[SourceQuality "1"]
[WhiteTeam "Dallas"]
[BlackTeam "St Louis"]
[WhiteTeamCountry "USA"]
[BlackTeamCountry "USA"]

1. d4 d5 2. c4 e6 3. Nc3 Nf6 4. cxd5 exd5 5. Bg5 Be7 6. e3 c6 7. Qc2 0-0 8. Bd3 h6 9. Bh4 Re8 10. Nf3 Ne4 11. Bxe4 dxe4 12. Qxe4 Bxh4 13. Qxh4 Qb6 14. 0-0-0 Be6 15. g4 f6 16. Qg3 Na6 17. h4 Qc7 18. Qxc7 Nxc7 19. Rhg1 Rf8 20. Rd2 Rad8 21. Ne1 Bc4 22. b3 Ba6 23. Nf3 Nd5 24. Nxd5 Rxd5 25. h5 b6 26. Nh4 Rfd8 27. Nf5 Kf7 28. e4 Ra5 29. f4 Bc8 30. Ne3 Be6 31. f5 Bxb3 32. Rgg2 Ba4 33. Nc4 Ra6 34. e5 fxe5 35. dxe5 Rxd2 36. Rxd2 Ke7 37. e6 c5 38. Ne5 Bb5 39. Ng6+ Kf6 40. Rd7 Rxa2 41. Rf7+ Kg5 42. Rxg7 c4 43. Ne7+ Kf6 44. Rf7+ Ke5 45. Ng6+ Kd4 46. Rd7+ Kc3 47. Kd1 Bxd7 48. exd7 Rd2+ 49. Ke1 Rxd7 50. g5 Kb2 51. gxh6 c3 52. Nf4 c2 53. Ne2 Re7 54. h7 c1Q+ 0-1

[Event "USA tt"]
[Site "ICC INT"]
[Date "2013.09.25"]
[Round "5"]
[White "Guenther, Travis R"]
[Black "Mederos, Dennis"]
[Result "0-1"]
[WhiteElo "1829"]
[BlackElo "2155"]
[PlyCount "154"]
[EventDate "2013.08.27"]
[EventType "team-tourn"]
[EventRounds "10"]
[EventCountry "USA"]
[SourceTitle "CBM 156 Extra"]
[Source "ChessBase"]
[SourceDate "2013.10.22"]
[SourceVersion "1"]
[SourceVersionDate "2013.10.22"]
[SourceQuality "1"]
[WhiteTeam "Dallas"]
[BlackTeam "Miami"]
[WhiteTeamCountry "USA"]
[BlackTeamCountry "USA"]

1. d4 Nf6 2. c4 c5 3. d5 e5 4. Nc3 d6 5. e4 Be7 6. Nf3 0-0 7. Be2 Ne8 8. 0-0 g6 9. Ne1 Bg5 10. Nd3 Nd7 11. a3 a6 12. b4 b6 13. g3 Bxc1 14. Qxc1 Ng7 15. Rb1 f5 16. f3 f4 17. g4 h5 18. h3 Qh4 19. Rf2 Kf7 20. Qf1 Rh8 21. Rh2 hxg4 22. fxg4 Nf6 23. Qf2 Qxf2+ 24. Nxf2 g5 25. bxc5 bxc5 26. Rb6 Ke7 27. Kg2 Bd7 28. Rh1 Rhb8 29. Rhb1 Rxb6 30. Rxb6 Nge8 31. Nd3 Kd8 32. Ne1 Kc7 33. Rb2 Nh7 34. Nf3 Nef6 35. Bd1 Rb8 36. Rxb8 Kxb8 37. Be2 Kc7 38. Bd3 Kb6 39. Bc2 Kc7 40. Bd3 Ng8 41. Kf2 Ne7 42. Ke2 Ng6 43. Bc2 Kb6 44. Kf2 Ka5 45. Ke2 Ne7 46. Kd2 Nc8 47. Bb3 Nb6 48. Kc2 Nc8 49. Kd2 Ne7 50. Ke2 Ng6 51. Kf2 Be8 52. Bc2 Nh4 53. Bb3 Bd7 54. Bc2 Nxf3 55. Kxf3 Nf8 56. Bb3 Ng6 57. Bc2 Ne7 58. Bd1 Kb6 59. Bc2 Kc7 60. Bb3 Nc8 61. Bc2 Nb6 62. Bb3 Kd8 63. Kf2 Ke7 64. Kf3 Kf6 65. Kf2 a5 66. a4 Na8 67. Nb5 Ke7 68. Kf3 Nb6 69. Kf2 Bxb5 70. cxb5 c4 71. Bc2 c3 72. Bb3 Nc4 73. Bc2 Na3 74. Bb3 c2 75. Bxc2 Nxc2 76. b6 Nb4 77. b7 Na6 0-1

[Event "USA tt"]
[Site "ICC INT"]
[Date "2013.09.11"]
[Round "3"]
[White "Mateer, Amanda Rae"]
[Black "Guenther, Travis R"]
[Result "1-0"]
[WhiteElo "2091"]
[BlackElo "1829"]
[PlyCount "69"]
[EventDate "2013.08.27"]
[EventType "team-tourn"]
[EventRounds "10"]
[EventCountry "USA"]
[SourceTitle "CBM 156 Extra"]
[Source "ChessBase"]
[SourceDate "2013.10.22"]
[SourceVersion "1"]
[SourceVersionDate "2013.10.22"]
[SourceQuality "1"]
[WhiteTeam "Arizona"]
[BlackTeam "Dallas"]
[WhiteTeamCountry "USA"]
[BlackTeamCountry "USA"]

1. d4 g6 2. e4 Bg7 3. Nc3 d6 4. Bg5 a6 5. Nf3 b5 6. a4 b4 7. Nd5 Bb7 8. Bc4 h6 9. Bh4 g5 10. Bg3 e6 11. Nxb4 a5 12. Na2 Bxe4 13. Nc3 Bg6 14. Qe2 Ne7 15. 0-0 0-0 16. Rfe1 Nf5 17. Rad1 g4 18. Nd2 Nxd4 19. Qxg4 Nxc2 20. Rxe6 h5 21. Qf3 fxe6 22. Bxe6+ Kh7 23. Qxa8 h4 24. Bxh4 Qxh4 25. Nf3 Qf4 26. Qxa5 Nc6 27. Qxc7 N6d4 28. Bd5 Nxf3+ 29. Bxf3 Rf7 30. Qc8 Nd4 31. Qh3+ Kg8 32. Qg3 Nxf3+ 33. gxf3 Bxc3 34. bxc3 Qxa4 35. Rxd6 1-0